Harvard dictionary of music
Enregistré dans:
| Auteur principal: | |
|---|---|
| Format: | Livre |
| Langue: | Undetermined |
| Publié: |
Cambridge, Massachusetts
Harvard Univ. Press
1972
|
| Sujets: | |
| Tags: |
Ajouter un tag
Pas de tags, Soyez le premier à ajouter un tag!
|
| Thư viện lưu trữ: | Trung tâm Học liệu Trường Đại học Cần Thơ |
|---|
| LEADER | 00490nam a2200181Ia 4500 | ||
|---|---|---|---|
| 001 | CTU_18587 | ||
| 008 | 210402s9999 xx 000 0 und d | ||
| 082 | |a 780.03 | ||
| 082 | |b A641 | ||
| 100 | |a Willi Apel | ||
| 245 | 0 | |a Harvard dictionary of music | |
| 245 | 0 | |c Willi Apel | |
| 260 | |a Cambridge, Massachusetts | ||
| 260 | |b Harvard Univ. Press | ||
| 260 | |c 1972 | ||
| 650 | |a music - dictionaries | ||
| 904 | |i Minh, 970920 | ||
| 980 | |a Trung tâm Học liệu Trường Đại học Cần Thơ | ||